| 000 | 00670nam a2200217Ia 4500 | ||
|---|---|---|---|
| 001 | 4406 | ||
| 003 | GE_BSU | ||
| 008 | 181216s||||||||xx |||||||||||||| ||und|| | ||
| 040 | _cGE_BSU | ||
| 080 | _a696/697(075.8) | ||
| 100 | _aКопьев,С.Ф. Качанов,Н.Ф. | ||
| 245 | _aОсновы теплогазоснабжения и вентиляции. | ||
| 245 | _bУчебник. | ||
| 245 | _cРед. И.М. Замышляева. | ||
| 260 | _aМ. | ||
| 260 | _bСтройиздат. | ||
| 260 | _c1964. | ||
| 300 | _a228 стр. 22 см. с илл. | ||
| 653 | _aОсновы теплогазоснабжения и вентиляции. | ||
| 942 | _cBK | ||
| 999 |
_c38396 _d38396 |
||